Repair your life : (Record no. 632)

MARC details
000 -LEADER
fixed length control field 01356cam a2200313 a 4500
005 - DATE AND TIME OF LATEST TRANSACTION
control field 20260322212028.0
008 - FIXED-LENGTH DATA ELEMENTS--GENERAL INFORMATION
fixed length control field data
010 ## - LIBRARY OF CONGRESS CONTROL NUMBER
LC control number 2008009239
020 ## - INTERNATIONAL STANDARD BOOK NUMBER
International Standard Book Number 9781932690521 (trade paper : alk. paper)
020 ## - INTERNATIONAL STANDARD BOOK NUMBER
International Standard Book Number 1932690522 (trade paper : alk. paper)
040 ## - CATALOGING SOURCE
Original cataloging agency DLC
Transcribing agency DLC
Modifying agency DLC
050 00 - LIBRARY OF CONGRESS CALL NUMBER
Classification number RC569.5.A28
Item number M394 2008
082 00 - DEWEY DECIMAL CLASSIFICATION NUMBER
Classification number 616.85/83690651
Edition information 22
092 ## - LOCALLY ASSIGNED DEWEY CALL NUMBER (OCLC)
Classification number 616.85 M394 2008
001 - CONTROL NUMBER
control field data
100 1# - MAIN ENTRY--PERSONAL NAME
Personal name McKinnon, Margie,
Dates associated with a name 1942-
245 10 - TITLE STATEMENT
Title Repair your life :
Remainder of title a program of recovery from incest & childhood sexual abuse /
Statement of responsibility, etc. Margie McKinnon.
250 ## - EDITION STATEMENT
Edition statement 1st ed.
260 ## - PUBLICATION, DISTRIBUTION, ETC.
Place of publication, distribution, etc. Ann Arbor, MI. :
Name of publisher, distributor, etc. Loving Healing Press,
Date of publication, distribution, etc. c2008.
300 ## - PHYSICAL DESCRIPTION
Extent ix, 178 p. :
Other physical details ill. ;
Dimensions 23 cm.
490 0# - SERIES STATEMENT
Series statement New horizons in therapy series
504 ## - BIBLIOGRAPHY, ETC. NOTE
Bibliography, etc. note Includes bibliographical references (p. [171]-174) and index.
650 #0 - SUBJECT ADDED ENTRY--TOPICAL TERM
Topical term or geographic name entry element Adult child sexual abuse victims
General subdivision Rehabilitation.
650 #0 - SUBJECT ADDED ENTRY--TOPICAL TERM
Topical term or geographic name entry element Incest victims
General subdivision Rehabilitation.
856 41 - ELECTRONIC LOCATION AND ACCESS
Materials specified Table of contents only
Uniform Resource Identifier <a href="http://www.loc.gov/catdir/toc/ecip0813/2008009239.html">http://www.loc.gov/catdir/toc/ecip0813/2008009239.html</a>
906 ## - LOCAL DATA ELEMENT F, LDF (RLIN)
a 7
b cbc
c orignew
d 1
e ecip
f 20
g y-gencatlg
925 0# -
-- acquire
-- 2 shelf copies
-- policy default
955 ## - COPY-LEVEL INFORMATION (RLIN)
-- jc15 2008-03-15 to Dewey
-- xj06 2009-02-06
-- xj06 2009-02-06 to BCCD (Telework)
Holdings
Withdrawn status Lost status Damaged status Not for loan Home library Current library Shelving location Date acquired Total checkouts Full call number Barcode Date last seen Price effective from Koha item type
        Riverside Riverside General stacks 22/03/2026   616.85/83690651 22 BC0010649 22/03/2026 22/03/2026 Books